Llegó la hora de convertir la gestión en una verdadera profesión (Registro nro. 10892)

Detalles MARC
000 -LEADER
fixed length control field 00409 a2200121 4500
001 - CONTROL NUMBER
control field ART_14828
005 - DATE AND TIME OF LATEST TRANSACTION
control field 20260410161614.0
008 - FIXED-LENGTH DATA ELEMENTS--GENERAL INFORMATION
fixed length control field 260409a
100 1# - MAIN ENTRY--PERSONAL NAME
Personal name Nohria, NItin
245 10 - TITLE STATEMENT
Title Llegó la hora de convertir la gestión en una verdadera profesión
700 1# - ADDED ENTRY--PERSONAL NAME
Personal name Khurana, Rakesh
773 0# - HOST ITEM ENTRY
Title Harvard Business Review
Related parts Apóyese en los usuarios - Vol. 86, Nº 10 (oct. 2008)
Record control number REV340

No hay ítems disponibles.